| 000 | 00478nam a22001577a 4500 | ||
|---|---|---|---|
| 003 | OSt | ||
| 005 | 20221110183103.0 | ||
| 008 | 221006b |||||||| |||| 00| 0 eng d | ||
| 040 | _cBiblioteca Lado V | ||
| 082 |
_a708 _bV695s |
||
| 100 |
_9370 _aVila, Jeni _emontaje |
||
| 245 |
_aSalón Regional de Artistas/ _bDel suroccidente colombiano/ |
||
| 260 |
_bMinisterio de cultura _aColombia _c2001 |
||
| 300 |
_c22x30cm _a25p. |
||
| 942 |
_2ddc _c1 _h708 _iV695s _n0 |
||
| 999 |
_c2569 _d2569 |
||